000 00474nam a2200193Ia 4500
005 20240823014514.0
008 240823s9999||||xx |||||||||||||| ||und||
020 _a81-7853-005-8
041 _aENGLISH
082 _A005.133 P3
100 _a"Kruglinski,David J [et al]"
245 0 _aProgramming Visual C++
250 _a5th
260 _c2003
_b"WP,Ban"
_aBanglore
500 _aTRANSFERED
650 _avisual
_bComputer Science
942 _cBK
999 _c170242
_d170242